Financial markets and corporate strategy / (Record no. 3267)

000 -LEADER
fixed length control field 01484cam a2200445 i 4500
003 - CONTROL NUMBER IDENTIFIER
control field UkOxU
005 - DATE AND TIME OF LATEST TRANSACTION
control field 20211028125637.0
008 - FIXED-LENGTH DATA ELEMENTS--GENERAL INFORMATION
fixed length control field 141010s2012 enka b 001 0 eng d
020 ## - INTERNATIONAL STANDARD BOOK NUMBER
International Standard Book Number 9780077129422 (pbk)
020 ## - INTERNATIONAL STANDARD BOOK NUMBER
International Standard Book Number 0077129423 (pbk)
040 ## - CATALOGING SOURCE
Transcribing agency UkOxU
050 ## - LIBRARY OF CONGRESS CALL NUMBER
Classification number HG181
Item number .H55 2012
100 1# - MAIN ENTRY--PERSONAL NAME
Personal name Hillier, David,
245 10 - TITLE STATEMENT
Title Financial markets and corporate strategy /
Statement of responsibility, etc. David Hillier, Mark Grinblatt and Sheridan Titman.
250 ## - EDITION STATEMENT
Edition statement 2nd European edition.
264 #1 - PRODUCTION, PUBLICATION, DISTRIBUTION, MANUFACTURE, AND COPYRIGHT NOTICE
Place of production, publication, distribution, manufacture Maidenhead, England :
Name of producer, publisher, distributor, manufacturer McGraw-Hill Education,
Date of production, publication, distribution, manufacture, or copyright notice 2012.
264 #4 - PRODUCTION, PUBLICATION, DISTRIBUTION, MANUFACTURE, AND COPYRIGHT NOTICE
Date of production, publication, distribution, manufacture, or copyright notice ©2012
300 ## - PHYSICAL DESCRIPTION
Extent xxiv, 854 pages :
Other physical details illustrations ;
Dimensions 27 cm.
336 ## - CONTENT TYPE
Content type term text
Source rdacontent
336 ## - CONTENT TYPE
Content type term text
Source rdacontent
337 ## - MEDIA TYPE
Media type term unmediated
Source rdamedia
337 ## - MEDIA TYPE
Media type term unmediated
Source rdamedia
338 ## - CARRIER TYPE
Carrier type term volume
Source rdacarrier
338 ## - CARRIER TYPE
Carrier type term volume
Source rdacarrier
504 ## - BIBLIOGRAPHY, ETC. NOTE
Bibliography, etc. note Includes bibliographical references and indexes.
650 #0 - SUBJECT ADDED ENTRY--TOPICAL TERM
Topical term or geographic name entry element Financial institutions
Geographic subdivision Europe.
650 #0 - SUBJECT ADDED ENTRY--TOPICAL TERM
Topical term or geographic name entry element Corporations
Geographic subdivision Europe
General subdivision Finance.
650 #0 - SUBJECT ADDED ENTRY--TOPICAL TERM
Topical term or geographic name entry element Business planning
Geographic subdivision Europe.
650 #0 - SUBJECT ADDED ENTRY--TOPICAL TERM
Topical term or geographic name entry element Strategic planning
Geographic subdivision Europe.
700 1# - ADDED ENTRY--PERSONAL NAME
Personal name Grinblatt, Mark,
Relator term author.
700 1# - ADDED ENTRY--PERSONAL NAME
Personal name Titman, Sheridan,
Relator term author.
942 ## - ADDED ENTRY ELEMENTS (KOHA)
Source of classification or shelving scheme
Koha item type Book
Suppress in OPAC CM
Holdings
Withdrawn status Lost status Source of classification or shelving scheme Damaged status Not for loan Permanent Location Current Location Shelving location Date acquired Source of acquisition Total Checkouts Full call number Barcode Date last seen Date last checked out Price effective from Koha item type Public note
          AU LIBRARY AU LIBRARY Open Shelf 28.10.2021 DONATION FROM CAPITAL MARKETS AUTHORITY 2 HG181 .H55 2012 28004500 19.10.2023 19.10.2023 28.10.2021 Book CM

Powered by Koha